[Event "AUTO-BEG-356"]
[Site "http://www.queenalice.com/game.php?id=682681"]
[Date "2009.11.14"]
[Round "1"]
[White "Janus"]
[Black "windlazy"]
[Result "0-1"]
[WhiteElo "1268"]
[BlackElo "1604"]

1. e4 c5 2. Nf3 Nc6 3. d4 cxd4 4. Nxd4 Nxd4 5. Qxd4 Qc7 6. Nc3 e5 7. Qe3 Bc5 8.
Qe2 Nf6 9. Bg5 Qb6 10. Be3 Bxe3 11. Qxe3 Qxb2 12. Rb1 Qxc2 13. a4 d5 14. Rd1 d4
0-1

[Event "AUTO-OPEN-1804"]
[Site "http://www.queenalice.com/game.php?id=700182"]
[Date "2009.12.19"]
[Round "1"]
[White "jx1200"]
[Black "Janus"]
[Result "1-0"]
[WhiteElo "1734"]
[BlackElo "1309"]

1. e4 e5 2. Nf3 Nc6 3. Bb5 a6 4. Ba4 d6 5. O-O Nf6 6. Re1 Bg4 7. c3 d5 8. exd5
Nxd5 9. d4 f6 10. Nxe5 Bxd1 11. Nxc6+ Qe7 12. Nxe7+ Bxa4 13. Nxd5+ Kd7 14. Bf4
Bd6 15. Bxd6 cxd6 16. Nb6+ 1-0

[Event "AUTO-OPEN-1804"]
[Site "http://www.queenalice.com/game.php?id=700183"]
[Date "2009.12.19"]
[Round "1"]
[White "Janus"]
[Black "jx1200"]
[Result "0-1"]
[WhiteElo "1309"]
[BlackElo "1760"]

1. e4 c5 2. Nf3 Nc6 3. Bb5 e6 4. Nc3 Nge7 5. O-O Ng6 6. d3 d5 7. Bg5 Be7 8. Bxe7
Nxe7 9. exd5 exd5 10. Bxc6+ Nxc6 11. Re1+ Be6 12. Ne5 O-O 13. Nxc6 bxc6 14. b3
Qg5 15. g3 Bh3 16. Ne2 Bg4 17. Kg2 Qf6 18. c4 Qf3+ 19. Kf1 Bh3+ 0-1

[Event "Challenge"]
[Site "http://www.queenalice.com/game.php?id=704349"]
[Date "2009.12.27"]
[Round "-"]
[White "sermino50"]
[Black "Janus"]
[Result "1-0"]
[WhiteElo "1333"]
[BlackElo "1309"]

1. e4 e5 2. Qf3 Nf6 3. Nh3 Bb4 4. Bc4 O-O 5. a3 Bd6 6. Ng5 h6 7. Qf5 Be7 8. Nc3
g6 9. Qxe5 hxg5 10. h4 d6 11. Qxg5 Nfd7 12. Qg4 Ne5 13. Qe2 c6 14. h5 Kg7 15.
Qe3 Ng4 16. Qf4 Nf6 17. d3 gxh5 18. Qg5+ Kh7 19. g4 Nxg4 20. Rxh5+ Nh6 21. Rxh6#
1-0

[Event "AUTO-INT-1579"]
[Site "http://www.queenalice.com/game.php?id=714479"]
[Date "2010.1.15"]
[Round "1"]
[White "CeaRaSC"]
[Black "Janus"]
[Result "1-0"]
[WhiteElo "1620"]
[BlackElo "1379"]

1. d4 d5 2. Bf4 Nf6 3. Nc3 Nc6 4. e3 Bg4 5. f3 Bd7 6. e4 dxe4 7. fxe4 Bg4 8.
Nge2 e6 9. e5 Nd7 10. Qd3 Bb4 11. O-O-O O-O 12. a3 b6 13. axb4 Nxb4 14. Qe4 g6
15. h3 Bxe2 16. Bxe2 f5 17. exf6 Qxf6 18. Bxc7 Na2+ 19. Nxa2 b5 20. Bxb5 Qg5+
21. Kb1 Nc5 22. Qe5 Qxe5 23. Bxe5 Ne4 24. Bc6 Nf2 25. Bd6 Nxh1 26. Bxa8 Rxa8 27.
Rxh1 Rd8 28. Bc5 Rc8 29. Bxa7 Re8 30. Re1 h5 31. g4 1-0

[Event "AUTO-INT-1579"]
[Site "http://www.queenalice.com/game.php?id=714480"]
[Date "2010.1.15"]
[Round "1"]
[White "Janus"]
[Black "CeaRaSC"]
[Result "0-1"]
[WhiteElo "1373"]
[BlackElo "1626"]

1. e4 e5 2. Nf3 d6 3. d4 exd4 4. Nxd4 c5 5. Nb3 Be6 6. Bb5+ Nc6 7. c4 Be7 8. O-O
a6 9. Bxc6+ bxc6 10. N3d2 d5 11. exd5 cxd5 12. cxd5 Bxd5 13. Nc3 Nf6 14. b3 O-O
15. Ba3 Qa5 16. Bb2 Rad8 17. Nxd5 Nxd5 18. Nc4 Qc7 19. a4 Nb4 20. Qb1 Nd3 21.
Rd1 Nxb2 22. Qxb2 Rxd1+ 23. Rxd1 Rd8 24. Rxd8+ Bxd8 25. b4 Bf6 26. Qa3 cxb4 27.
Qxb4 h5 28. g3 g5 29. h3 h4 30. gxh4 gxh4 31. a5 Be7 0-1

[Event "AUTO-INT-1579"]
[Site "http://www.queenalice.com/game.php?id=714501"]
[Date "2010.1.15"]
[Round "1"]
[White "takadiyi"]
[Black "Janus"]
[Result "1-0"]
[WhiteElo "1613"]
[BlackElo "1357"]

1. e4 e5 2. Nf3 Nc6 3. Nc3 Bb4 4. a3 Bc5 5. Bc4 Qe7 6. Nd5 Qd6 7. d3 Nd4 8. Ng5
Ne6 9. Nxe6 dxe6 10. Ne3 Bxe3 11. Bxe3 Nf6 12. b4 b6 13. b5 O-O 14. Qf3 c6 15.
a4 c5 16. Qg3 g6 17. Bh6 Nh5 18. Qg5 Rd8 19. O-O Ng7 20. Qf6 Qf8 21. Qxe5 a5 22.
bxa6 f6 23. Qc7 Bd7 24. Qxb6 Rab8 25. Qa5 f5 26. exf5 gxf5 27. a7 Ra8 28. Rfd1
Qf6 29. Bxg7 Qxg7 30. Qxc5 Rac8 31. Qe3 Rb8 32. axb8=N Rxb8 33. Bxe6+ Bxe6 34.
Qxe6+ Kh8 35. Qxf5 Rf8 36. Qc5 Rg8 37. g3 Rf8 38. a5 1-0

[Event "AUTO-INT-1579"]
[Site "http://www.queenalice.com/game.php?id=714502"]
[Date "2010.1.15"]
[Round "1"]
[White "Janus"]
[Black "takadiyi"]
[Result "0-1"]
[WhiteElo "1364"]
[BlackElo "1594"]

1. e4 d5 2. exd5 Qxd5 3. Nc3 Qe5+ 4. Be2 Nc6 5. Nf3 Qe6 6. Ng5 Qe5 7. Nf3 Qe6 8.
O-O Nf6 9. Bb5 Bd7 10. d4 O-O-O 11. d5 Qd6 12. dxc6 Bxc6 13. Qe2 Bxb5 14. Nxb5
Qb6 15. c4 e6 16. Nbd4 Bd6 17. Bg5 h6 18. Be3 Bc5 19. Nb5 a6 20. Bxc5 Qxc5 21.
Ne5 Rhf8 22. Nd3 Qxc4 23. Na3 Qh4 24. Rad1 Ng4 25. f3 Qxh2# 0-1

[Event "AUTO-INT-1649"]
[Site "http://www.queenalice.com/game.php?id=749731"]
[Date "2010.3.22"]
[Round "1"]
[White "JMendes"]
[Black "Janus"]
[Result "1-0"]
[WhiteElo "1770"]
[BlackElo "1381"]

1. d4 Nf6 2. e3 d5 3. Nf3 Bg4 4. Be2 e6 5. O-O Nc6 6. h3 Bxf3 7. Bxf3 Bd6 8. Nc3
O-O 9. a4 Ne7 10. b3 Bb4 11. Bb2 Nc6 12. e4 dxe4 13. Nxe4 Nxe4 14. Bxe4 Bd6 15.
Qg4 f5 16. Bxf5 exf5 17. Qf3 g6 18. d5 Nd4 19. Bxd4 c5 20. Bb2 g5 21. Qc3 1-0

[Event "AUTO-INT-1649"]
[Site "http://www.queenalice.com/game.php?id=749732"]
[Date "2010.3.22"]
[Round "1"]
[White "Janus"]
[Black "JMendes"]
[Result "0-1"]
[WhiteElo "1388"]
[BlackElo "1754"]

1. e4 e5 2. Nf3 d6 3. Bb5+ c6 4. Ba4 Be7 5. O-O b5 6. Bb3 a5 7. a4 Nf6 8. c3 O-O
9. Bc2 Bg4 10. h3 Bxf3 11. gxf3 d5 12. d3 Nbd7 13. axb5 cxb5 14. b4 a4 15. Bg5
Qb6 16. exd5 h6 17. Bxf6 Nxf6 18. c4 Nh5 19. cxb5 Qg6+ 20. Kh1 Nf4 21. Bxa4 Qg2#
0-1

[Event "AUTO-INT-1649"]
[Site "http://www.queenalice.com/game.php?id=749749"]
[Date "2010.3.22"]
[Round "1"]
[White "Janus"]
[Black "henschel"]
[Result "0-1"]
[WhiteElo "1383"]
[BlackElo "1725"]

1. e4 d5 2. Nc3 d4 3. Nd5 c6 4. Nb4 e5 5. d3 Bxb4+ 6. Bd2 Bxd2+ 7. Qxd2 Be6 8.
Nf3 Nd7 9. Be2 Ngf6 10. O-O O-O 11. c3 c5 12. Ng5 Bg4 13. Bxg4 Nxg4 14. cxd4
exd4 0-1

[Event "AUTO-INT-1649"]
[Site "http://www.queenalice.com/game.php?id=749750"]
[Date "2010.3.22"]
[Round "1"]
[White "henschel"]
[Black "Janus"]
[Result "1-0"]
[WhiteElo "1722"]
[BlackElo "1386"]

1. Nc3 Nf6 2. d4 d5 3. Bg5 e6 4. e4 Be7 5. exd5 exd5 6. Qd2 h6 7. Bf4 Nc6 8.
O-O-O Ne4 9. Nxe4 dxe4 10. d5 Nb8 11. Qd4 Bg4 12. Bb5+ c6 13. dxc6 Nxc6 14.
Bxc6+ 1-0